Java for the Web with Servlets, JSP and EJB

Αποθηκεύτηκε σε:
Λεπτομέρειες βιβλιογραφικής εγγραφής
Κύριος συγγραφέας: Kurniawan, Budi
Μορφή: Βιβλίο
Γλώσσα:English
Δημοσίευση: Indianapolis, Ind. : New Riders Publishing, c2002
Θέματα:
Ετικέτες: Προσθήκη ετικέτας
Δεν υπάρχουν, Καταχωρήστε ετικέτα πρώτοι!

MARC

LEADER 00000nam a2200000 i 4500
001 1/45269
008 031125s2002 eng d
020 |a 0-7357-1195X 
035 |l 10071695 
040 |a GR-MY-UA  |b gre  |e aacr 
041 0 |a eng 
082 0 |a 005.133 
100 1 |a Kurniawan, Budi. 
245 1 0 |a Java for the Web with Servlets, JSP and EJB /  |c Budi Kurniawan 
260 |a Indianapolis, Ind. :   |b New Riders Publishing,   |c c2002 
300 |a xxxi, 953 σ.;  |b εικ.;  |c 23 εκ.+  |e 1 Οπτικός δίσκος λέιζερ (4 3/4 ιν.) 
504 |a Περιέχει ευρετήριο 
650 0 0 |a Java (Computer program language) 
650 0 0 |a Internet programming. 
852 |a INST  |b LESVOS  |e 20031125  |h 005.133 KUR  |p 005100030986  |q 005100030986  |t BK  |y 0 
852 |a INST  |b LESVOS  |e 20031126  |h 005.133 KUR   |p 005100030985  |q 005100030985  |t BK  |y 0 
901 |a BIBL1-2003-3 
909 |a Λ  |b 107030 
909 |a Λ  |b 107031 
922 |a 1ΕΛΗ  |b 200311  |c ΤΑΚ/ΚΥΒ  |d LEADER 
950 |a 023-2003-06-11 
970 |a ΤΖΑΦΕΡΗ  |b ΕΥΑΓΓΕΛΙΑ  |z 2003/11/26